Catálogo

Vista normal Vista MARC

Entrada Personal Name

Número de registros utilizados en: 1

001 - CONTROL NUMBER

  • control field: 5434

003 - CONTROL NUMBER IDENTIFIER

  • control field: OSt

005 - DATE AND TIME OF LATEST TRANSACTION

  • control field: 20180716123905.0

008 - FIXED-LENGTH DATA ELEMENTS

  • fixed length control field: 170830 a|ac|n|aab||||||||||||a |n|||||||

010 ## - LIBRARY OF CONGRESS CONTROL NUMBER

  • LC control number: ns2015004074

040 ## - CATALOGING SOURCE

  • Original cataloging agency: DLC
  • Language of cataloging: spa
  • Description conventions: rda
  • Transcribing agency: Mx-PuUPA
  • Modifying agency: DLC

100 1# - HEADING--PERSONAL NAME

  • Personal name: Hernanz, Elsa,

375 ## - GENDER

  • Gender: mujer

377 ## - ASSOCIATED LANGUAGE

  • Language code: spa

400 1# - SEE FROM TRACING--PERSONAL NAME

  • Personal name: Las suplencias del nombre del padre, 1998:

670 ## - SOURCE DATA FOUND

  • Source citation: Biblioteca del congreso (Estados Unidos), 22 agosto 2017:
  • Information found: catálogo electrónico:
  • Uniform Resource Identifier: https://goo.gl/iE3mdD

670 ## - SOURCE DATA FOUND

  • Source citation: Las suplencias del nombre del padre, 1998:
  • Information found: title page (Elsa Hernanz)